INTRODUCTION TO OPERATIONS RESEARCH (Record no. 216505)
[ view plain ]
| 000 -LEADER | |
|---|---|
| fixed length control field | 00488nam a22001817a 4500 |
| 008 - FIXED-LENGTH DATA ELEMENTS--GENERAL INFORMATION | |
| fixed length control field | 260202b |||||||| |||| 00| 0 eng d |
| 020 ## - INTERNATIONAL STANDARD BOOK NUMBER | |
| International Standard Book Number | 978-93-5460-120-0 |
| 100 ## - MAIN ENTRY--PERSONAL NAME | |
| Personal name | HILLER, FREDERICK S. |
| 245 ## - TITLE STATEMENT | |
| Title | INTRODUCTION TO OPERATIONS RESEARCH |
| 250 ## - EDITION STATEMENT | |
| Edition statement | 11TH ED |
| 260 ## - PUBLICATION, DISTRIBUTION, ETC. | |
| Place of publication, distribution, etc. | CHENNAI |
| Name of publisher, distributor, etc. | MCGRAW HILL |
| Date of publication, distribution, etc. | 2022 |
| 300 ## - PHYSICAL DESCRIPTION | |
| Extent | XXVIII, 1416 |
| 500 ## - GENERAL NOTE | |
| General note | INCLUDES SUBJECT |
| 650 ## - SUBJECT ADDED ENTRY | |
| Topical term or geographic name entry element | OPERATIONS RESEARCH |
| 700 ## - ADDED ENTRY--PERSONAL NAME | |
| Personal name | LIEBERMAN, GERALD J. |
| 942 ## - ADDED ENTRY ELEMENTS (KOHA) | |
| Source of classification or shelving scheme | Library of Congress Classification |
| Koha item type | Long Loan Book |
| Withdrawn status | Lost status | Source of classification or shelving scheme | Damaged status | Not for loan | Collection | Home library | Current library | Shelving location | Date acquired | Inventory number | Total checkouts | Full call number | Barcode | Date last seen | Copy number | Price effective from | Koha item type | Date last checked out |
|---|---|---|---|---|---|---|---|---|---|---|---|---|---|---|---|---|---|---|
| Library of Congress Classification | Business & Economics | Kisii University Library | Kisii University Library | On Display | 02/02/2026 | 111549 | HD 30.36 .I58 2022 | 50104 | 02/02/2026 | C.1 | 02/02/2026 | Long Loan Book | ||||||
| Library of Congress Classification | Business & Economics | Kisii University Library | Kisii University Library | On Display | 02/02/2026 | 111550 | HD 30.36 .I58 2022 | 50105 | 02/02/2026 | C.2 | 02/02/2026 | Long Loan Book | ||||||
| Library of Congress Classification | Business & Economics | Kisii University Library | Kisii University Library | On Display | 02/02/2026 | 111551 | 1 | HD 30.36 .I58 2022 | 50108 | 03/22/2026 | C.3 | 02/02/2026 | Long Loan Book | 03/09/2026 |